banner-ar

The everyday practice of public art : (Record no. 63220)

MARC details
000 -الفاتح
حقل البيانات ثابتة الطول 01007cam a2200301 i 4500
005 - وقت وتاريخ اخر تعامل مع التسجيلة
رقم الضبط 20240530110629.0
008 - عناصر البيانات ثابتة الطول - معلومات عامة
حقل البيانات ثابتة الطول 150522s2016 enk b 001 0 eng
010 ## -
-- 2015020724
020 ## - الرقم الدولى المعيارى للكتب
الرقم الدولى المعيارى للكتاب 9781138829206 (hbk)
020 ## - الرقم الدولى المعيارى للكتب
الرقم الدولى المعيارى للكتاب 9781138829213 (pbk)
020 ## - الرقم الدولى المعيارى للكتب
الرقم الدولى المعيارى للكتاب الملغى /الخاطئ 9781315737881 (ebk)
040 ## - مصدر الفهرسة
وكالة الفهرسة الأصلية DLC
لغة الفهرسة eng
وكالة النسخ DLC
قواعد الوصف rda
وكالة التعديل DLC
042 ## -
-- pcc
082 04 - رقم تصنيف ديوى العشرى
رقم الطبعة 21
رقم التصنيف 701.03
رقم المادة C E
245 04 - بيان العنوان
العنوان The everyday practice of public art :
بقية العنوان art, space, and social inclusion /
بيان المسئوليه,etc edited by Cameron Cartiere and Martin Zebracki.
300 ## - الوصف المادى
التعداد xv, 272 pages ;
أبعاد الوعاء 24 cm
504 ## - تبصرة ببليوجرافية
تبصرة ببليوجرافية,الخ Includes bibliographical references (pages 242-253) and index.
650 #0 - المدخل الاضافى بالموضوع-مصطلح موضوعى
مصطلح موضوعي Public art
التقسيم الفرعي العام Social aspects.
700 1# - المدخل الاضافى - اسم شخصى
الإسم الشخصى Cartiere, Cameron,
الدور editor.
700 1# - المدخل الاضافى - اسم شخصى
الإسم الشخصى Zebracki, Martin,
التواريخ المصاحبة للاسم 1984-
الدور editor.
942 ## - عناصر المدخل الإضافي( كوها)
مصدر التصنيف او مخطط الترفيف Dewey Decimal Classification
Koha [default] item type كتاب
264 #1 -
-- London ;
-- New York :
-- Routledge, Taylor & Francis Group,
-- 2016.
336 ## -
-- text
-- rdacontent
337 ## -
-- unmediated
-- rdamedia
338 ## -
-- volume
-- rdacarrier
Holdings
حالة التراجع حالة الفقد مصدر التصنيف او خطة الترفيف حالة تلف ليس للاعارة المكان المؤقت الموقع الحالى موقع الترفيف تاريخ الاكتساب اجمالي اﻻعارات رقم الطلب الباركود تاريخ اخر مشاهدة تاريخ تفعيل السعر نوع وعاء كوها
    ddc     مكتبة القاهرة الكبرى مكتبة القاهرة الكبرى   01/14/2017   701.03 C E 163190 01/14/2017 01/14/2017 كتاب

Powered By

EGPV